[Event "IX EICC w"]
[Site "Plovdiv BUL"]
[Date "2008.04.29"]
[Round "8"]
[White "Maksimovic,S"]
[Black "Efroimski,M"]
[Result "1-0"]
[WhiteElo "2264"]
[BlackElo "2081"]

1.Nf3 d5 2.g3 c6 3.Bg2 Nf6 4.d3 Bf5 5.O-O h6 6.Nbd2 e6 7.Qe1 Be7 8.e4 Bh7
9.Qe2 O-O 10.b3 a5 11.a3 Na6 12.Bb2 Nc5 13.Ne5 Qb6 14.Kh1 Rfe8 15.f4 Qb5
16.Ng4 Nxg4 17.Qxg4 Bf8 18.Rf2 Rad8 19.Re1 Na6 20.Rfe2 Qc5 21.exd5 cxd5 22.Nf3 Nc7
23.Ne5 Nb5 24.Qh5 Qc7 25.a4 Nd6 26.g4 Rc8 27.f5 Rcd8 28.fxe6 fxe6 29.Rf1 Qe7
30.h4 g5 31.Ng6 Qc7 32.Nxf8 Rxf8 33.Rxf8+ Rxf8 34.Qxh6 gxh4 35.Rxe6 Ne8 36.Rxe8  1-0

[Event "IX EICC w"]
[Site "Plovdiv BUL"]
[Date "2008.04.29"]
[Round "8"]
[White "Voiska,M"]
[Black "Vajda,S"]
[Result "1-0"]
[WhiteElo "2339"]
[BlackElo "2413"]

1.Nf3 d5 2.g3 Nf6 3.Bg2 c6 4.O-O Bg4 5.d3 Nbd7 6.c4 e6 7.cxd5 exd5 8.Nc3 Bd6
9.Qc2 O-O 10.e4 dxe4 11.dxe4 Ne5 12.Nxe5 Bxe5 13.h3 Be6 14.Be3 Qa5 15.f4 Bxc3
16.bxc3 Bc4 17.Rfd1 Rfd8 18.Rd4 Rxd4 19.Bxd4 Nd7 20.Qb2 b6 21.Qb4 Qxb4 22.cxb4 Rd8
23.Rc1 Bb5 24.a4 Bxa4 25.Ra1 Nf8 26.Bxg7 Kxg7 27.Rxa4 Rd1+ 28.Kh2 Rd7 29.e5 Rc7
30.g4 f6 31.exf6+ Kxf6 32.Ra2 Ne6 33.Kg3 c5 34.f5 Nd4 35.bxc5 bxc5 36.Kf4 c4
37.g5+ Kg7 38.f6+ Kf8 39.Rb2 Nb3 40.Bd5 a5 41.Rc2 a4 42.Rxc4 Rxc4+ 43.Bxc4 Nc1
44.h4 a3 45.h5 a2 46.g6 hxg6 47.hxg6 a1=Q 48.g7+ Ke8 49.g8=Q+ Kd7 50.Qe6+ Kc7
51.Qe5+ Qxe5+ 52.Kxe5 Kd8 53.Kf5  1-0

[Event "IX EICC"]
[Site "Plovdiv BUL"]
[Date "2008.04.29"]
[Round "8"]
[White "Anastasian,A"]
[Black "Collas,D"]
[Result "1-0"]
[WhiteElo "2560"]
[BlackElo "2446"]

1.Nf3 d5 2.g3 c6 3.Bg2 Bg4 4.c4 e6 5.cxd5 exd5 6.O-O Nf6 7.Qb3 Qb6 8.Qc2 Nbd7
9.Nc3 Be7 10.d3 Bxf3 11.Bxf3 d4 12.Nb1 Ne5 13.Bg2 O-O 14.Nd2 a5 15.b3 Rfe8
16.Rb1 Nfd7 17.Nc4 Qc7 18.Bf4 Bd6 19.Nxd6 Qxd6 20.Bd2 h5 21.b4 axb4 22.Rxb4 Nc5
23.Rc1 Ned7 24.Bf3 g6 25.Bf4 Qe6 26.a4 Qf6 27.h4 Ra7 28.Qb2 Ne6 29.Bd6 Ne5
30.Bxe5 Qxe5 31.Rxb7 Rxa4 32.Bxc6 Rea8 33.Bxa4 Rxa4 34.Qb5 Qxb5 35.Rxb5 Ra2
36.Kf1 Kg7 37.Rd5  1-0

[Event "IX EICC"]
[Site "Plovdiv BUL"]
[Date "2008.04.30"]
[Round "9"]
[White "Magalashvili,Da"]
[Black "Buhmann,R"]
[Result "1-0"]
[WhiteElo "2462"]
[BlackElo "2569"]

1.Nf3 d5 2.g3 Nf6 3.Bg2 c6 4.O-O Bg4 5.d3 Nbd7 6.Nbd2 e5 7.e4 Bd6 8.h3 Bh5
9.exd5 cxd5 10.c4 d4 11.Qc2 O-O 12.Nh4 Qc7 13.Nf5 Bg6 14.Nxd6 Qxd6 15.Nb3 a5
16.Bd2 a4 17.Na5 b6 18.Nb7 Qc7 19.Bb4 e4 20.Nd6 exd3 21.Qd1 Nc5 22.Bxa8 Rxa8
23.Qf3 Rd8 24.Nf5 Qd7 25.g4 Nfe4 26.Bxc5 Nxc5 27.Rae1 Ne6 28.Qxd3 h5 29.Re5 hxg4
30.Rd5 Qc7 31.Qg3 Rxd5 32.Qxc7 Nxc7 33.Ne7+ Kh7 34.cxd5 Bc2 35.d6 Ne6 36.d7 d3
37.Nf5 d2 38.Nd4 Nxd4 39.d8=Q Nf3+ 40.Kh1 f5  1-0

[Event "IX EICC"]
[Site "Plovdiv BUL"]
[Date "2008.04.30"]
[Round "9"]
[White "Bykhovsky,An ISR"]
[Black "Papin,V"]
[Result "1-0"]
[WhiteElo "2394"]
[BlackElo "2483"]

1.Nf3 d5 2.g3 Nf6 3.Bg2 c6 4.O-O Bg4 5.d4 Nbd7 6.Nbd2 e6 7.Re1 Bd6 8.e4 dxe4
9.Nxe4 Nxe4 10.Rxe4 Nf6 11.Re1 O-O 12.c3 h6 13.Qb3 Qc8 14.Ne5 Bf5 15.h3 Nd5
16.a3 Rb8 17.c4 Ne7 18.Bf4 Bc7 19.Rad1 Rd8 20.g4 Bh7 21.Qg3 g5 22.Nxc6 gxf4
23.Nxe7+ Kg7 24.Qc3 Qd7 25.d5+ f6 26.Rxe6 Qxe6 27.dxe6 Rxd1+ 28.Bf1 Be5 29.Qf3 Rd2
30.h4 Rd4 31.g5 hxg5 32.hxg5 Re8 33.Qxb7 Be4 34.Nf5+ Kg6 35.Qg7+  1-0

[Event "IX EICC"]
[Site "Plovdiv BUL"]
[Date "2008.04.30"]
[Round "9"]
[White "Delchev,A"]
[Black "Iljin,A"]
[Result "1/2-1/2"]
[WhiteElo "2639"]
[BlackElo "2556"]

1.Nf3 d5 2.g3 Nf6 3.Bg2 c6 4.c4 Bg4 5.cxd5 Bxf3 6.Bxf3 cxd5 7.Nc3 e6 8.d3 Nc6
9.Bd2 Be7 10.Rc1 O-O 11.O-O Qb6 12.Na4 Qb5 13.Bg2 Rfc8 14.Re1 h6 15.Qc2 Bf8
16.Nc3 Qb6 17.Qb1 Rc7 18.a3 Ng4 19.Nd1 Rac8 20.h3 Nf6 21.Nc3 Bd6 22.Kf1 a6
23.b4 Nd4 24.e3 Nf5 25.Ne2 Ne7 26.Rxc7 Rxc7 27.Rc1 Rxc1+ 28.Qxc1 Nc6 29.Bc3 Ne5
30.Qd1 Qb5 31.Nc1 Nfd7 32.Kg1 a5 33.Bf1 axb4 34.axb4 Qc6 35.Na2 Qa6 36.Qb1 Qc6
37.Be2 Qb5 38.Qa1 Qa4 39.Qb2 Bf8 40.b5 Ba3 41.Qb1 Bd6 42.Nc1 Nb6 43.Qb3 Qa8
44.Kg2 Ned7 45.Qa2 Qc8 46.Qa1 Bf8 47.Nb3 Nc5 48.Nxc5 Qxc5 49.Qa5 Nd7 50.Bd4 Qc8
51.Qc3 Qxc3 52.Bxc3 Nc5 53.f4 Na4 54.Bd2 Bc5 55.Bd1 Nb6 56.Kf3 Kf8 57.Bc3 Nc8
58.e4 Nd6 59.Ba4 h5 60.g4 hxg4+ 61.hxg4 g6 62.exd5 exd5 63.Bf6 Ke8 64.b6+ Kf8
65.Bd8 Nc8 66.Bc6 Bxb6 67.Bxb7 Bxd8 68.Bxc8  1/2-1/2

[Event "26th Liechtenstein Open"]
[Site "Triesen LIE"]
[Date "2008.04.30"]
[Round "6"]
[White "Belezky,A"]
[Black "Prakken,G"]
[Result "1/2-1/2"]
[WhiteElo "2454"]
[BlackElo "2218"]

1.Nf3 d5 2.g3 Bg4 3.Bg2 Nd7 4.d3 e6 5.O-O Bd6 6.Nbd2 Ne7 7.c4 O-O 8.a3 a5
9.b3 c6 10.Bb2 b5 11.cxb5 cxb5 12.Rc1 Qb6 13.Rc2 Rac8 14.Rxc8 Rxc8 15.Qa1 f6
16.Rc1 Rxc1+ 17.Qxc1 e5 18.Kf1 Be6 19.d4 e4 20.Ne1 f5 21.f4 Nf6 22.Kg1 Kf7
23.Nb1  1/2-1/2

[Event "XIV Leonardo di Bona Magistrale"]
[Site "Cutro ITA"]
[Date "2008.05.01"]
[Round "9"]
[White "Codenotti,M"]
[Black "Brancaleoni,M"]
[Result "0-1"]
[WhiteElo "2063"]
[BlackElo "2207"]

1.Nf3 d5 2.g3 Nf6 3.Bg2 g6 4.O-O Bg7 5.d3 O-O 6.Nc3 d4 7.Nb5 c5 8.e4 Nc6
9.Na3 Ne8 10.Ne1 f5 11.Nc4 fxe4 12.Bxe4 Nf6 13.Bg2 Bg4 14.Nf3 Qc8 15.Qe1 Qf5
16.Nfe5 Nxe5 17.Qxe5 Qd7 18.Qxc5 Rac8 19.Qxa7 Nd5 20.Nb6 Nxb6 21.Qxb6 Bf3
22.Bxf3 Rxf3 23.Bg5 Rf5 24.Qb3+ Kh8 25.Bd2 Rb5 26.Qa4 Qf5 27.Rab1 Rbc5 28.Rbc1 h5
29.Rfe1 Rf8 30.Rf1 h4 31.Qb4 Qf3 32.gxh4 Qg4+ 33.Kh1 Qf3+ 34.Kg1 Rcf5 35.Qb6 Qg4+
36.Kh1 Qf3+ 37.Kg1 Rf4 38.Bxf4 Rxf4 39.Qxg6 Rg4+ 40.Qxg4 Qxg4+ 41.Kh1 Qf3+
42.Kg1 Be5 43.Rce1 Qg4+ 44.Kh1 Qf3+ 45.Kg1 Bf4 46.Re4 Qg4+ 47.Kh1 Qh3  0-1

[Event "Stuttgarter Stadtmeisterschaft A"]
[Site "Ditzingen GER"]
[Date "2008.05.01"]
[Round "1"]
[White "Gutman,L"]
[Black "Gehringer,F"]
[Result "1-0"]
[WhiteElo "2484"]
[BlackElo "2035"]

1.Nf3 d5 2.g3 Nf6 3.Bg2 g6 4.O-O Bg7 5.d4 O-O 6.c4 c6 7.cxd5 cxd5 8.Ne5 Nc6
9.Nc3 Qa5 10.Bg5 e6 11.Qd2 Qb6 12.Nxc6 Qxc6 13.Rac1 Qa6 14.f3 Bd7 15.e4 Bc6
16.Rfe1 Rfc8 17.e5 Nd7 18.g4 b5 19.f4 Qb6 20.Bh4 a5 21.Bf2 Bh6 22.Be3 Qd8
23.Rf1 b4 24.Ne2 Bb5 25.Rce1 Nb6 26.b3 Rc7 27.f5 Bxe3+ 28.Qxe3 Qh4 29.Rf2 Rc2
30.fxe6 fxe6 31.Qf4 Qe7 32.Ng3 Rac8 33.Nf5  1-0

[Event "IX EICC"]
[Site "Plovdiv BUL"]
[Date "2008.05.01"]
[Round "10"]
[White "Maletin,P"]
[Black "Lintchevski,D"]
[Result "0-1"]
[WhiteElo "2574"]
[BlackElo "2450"]

1.Nf3 d5 2.g3 Bg4 3.Bg2 Nd7 4.O-O Ngf6 5.d3 e5 6.h3 Bxf3 7.Bxf3 c6 8.e4 dxe4
9.dxe4 Bc5 10.Nd2 O-O 11.Qe2 Qe7 12.Nc4 Rfd8 13.Bg5 h6 14.Bd2 Nf8 15.Ne3 Qd7
16.Ba5 Bb6 17.Bc3 Bd4 18.Rad1 Qxh3 19.Bxd4 exd4 20.Ng4 N6h7 21.Rd3 h5 22.Nh2 g6
23.Rfd1 Qe6 24.c3 c5 25.b4 Qe7 26.cxd4 cxd4 27.Qd2 Ne6 28.Bg2 Rac8 29.f4 Rc3
30.f5 Rxd3 31.Qxd3 gxf5 32.exf5 Neg5 33.Nf3 Nxf3+ 34.Qxf3 Qxb4 35.Qxh5 d3
36.Qf3 d2 37.Qe3 b6 38.a3 Qc5 39.Qf2 Qxa3 40.Kh2 Qd6 41.Qe3 Kg7 42.Bf3 Qh6+  0-1

[Event "IX EICC w"]
[Site "Plovdiv BUL"]
[Date "2008.05.01"]
[Round "10"]
[White "Bogumil,T"]
[Black "Raeva,E"]
[Result "0-1"]
[WhiteElo "2194"]
[BlackElo "2258"]

1.Nf3 d5 2.g3 Nf6 3.Bg2 c5 4.c4 Nc6 5.cxd5 Nxd5 6.Nc3 Nc7 7.Qa4 Bd7 8.Qe4 g6
9.Ne5 Bg7 10.Nxd7 Qxd7 11.O-O O-O 12.d3 Rab8 13.h4 Nd4 14.h5 f5 15.Qh4 b5
16.hxg6 hxg6 17.Bf3 Nxf3+ 18.exf3 Kf7 19.Qf4 Ne6 20.Qe3 Nd4 21.Rb1 Rh8 22.Kg2 Bf6
23.f4 Rb6 24.Qe1 b4 25.Nd1 Rh2+ 26.Kxh2 Nf3+ 27.Kg2 Qd5  0-1

[Event "IX EICC"]
[Site "Plovdiv BUL"]
[Date "2008.05.01"]
[Round "10"]
[White "Stamenkov,V"]
[Black "Kokolias,K"]
[Result "1-0"]
[WhiteElo "2350"]
[BlackElo "2211"]

1.Nf3 d5 2.g3 c6 3.Bg2 Nf6 4.O-O Bg4 5.b3 Nbd7 6.Bb2 e6 7.d3 Bd6 8.Nbd2 Qe7
9.a3 O-O 10.Qe1 e5 11.e4 dxe4 12.dxe4 Rfd8 13.h3 Bh5 14.Nh4 Bc5 15.Nf5 Qe6
16.g4 Bg6 17.Qe2 a5 18.a4 Ne8 19.h4 h5 20.Nf3 hxg4 21.Ng5 Bxf5 22.Nxe6 Bxe6
23.Kh2 Nef6 24.f3 g3+ 25.Kxg3 Nh5+ 26.Kh2 Nf4 27.Qe1 f6 28.Bc1 g5 29.Bxf4 exf4
30.Bh3 Bxh3 31.Kxh3 Kf7 32.Rd1 Ke7 33.Qc3 b6 34.hxg5 Rh8+ 35.Kg4 Ne5+ 36.Kxf4 Rh4+
37.Kf5 Rh5 38.f4 Rg8 39.Qd2  1-0

[Event "IX EICC"]
[Site "Plovdiv BUL"]
[Date "2008.05.01"]
[Round "10"]
[White "Movsesian,S"]
[Black "Volkov,Sergey1"]
[Result "1/2-1/2"]
[WhiteElo "2695"]
[BlackElo "2633"]

1.Nf3 d5 2.g3 c6 3.Bg2 Bf5 4.O-O e6 5.d3 h6 6.Nbd2 Nf6 7.b3 Be7 8.Bb2 O-O
9.c4 a5 10.a3 Qb6 11.Qc2 Nbd7 12.Bc3  1/2-1/2

[Event "Open"]
[Site "Halkidiki GRE"]
[Date "2008.05.02"]
[Round "5"]
[White "Sandalakis,A"]
[Black "Gergacz,A"]
[Result "1-0"]
[WhiteElo "2346"]
[BlackElo "2287"]

1.Nf3 d5 2.g3 Nf6 3.Bg2 c5 4.O-O Nc6 5.d4 e6 6.c4 dxc4 7.Ne5 Bd7 8.Na3 cxd4
9.Naxc4 Be7 10.Qb3 Nxe5 11.Nxe5 Bd6 12.Bf4 Qe7 13.Bxb7 Rb8 14.Nc6 Bxc6 15.Bxc6+ Kf8
16.Qf3 Bxf4 17.Qxf4 e5 18.Qd2 Qb4 19.Qd3 Qd6 20.Ba4 g6 21.Bb3 Kg7 22.Rac1 Rhc8
23.Rc4 Rc5 24.e3 Rxc4 25.Qxc4 Rb7 26.exd4 exd4 27.Rd1 Rd7 28.Ba4 Rd8 29.Qc6 Qe5
30.Qa6 Qe7 31.h3 Rd6 32.Qc4 Qe4 33.Qc7 Qe5 34.Bb3 Nd7 35.Qxa7 Qf6 36.Qa5 Ne5
37.f4 Nd7 38.Qg5 Qxg5 39.fxg5 Nc5 40.Bc4 Ne4 41.Kg2 Nxg5 42.a4 Rd7 43.a5 Kf6
44.a6 Ke5 45.Ra1 Ra7 46.Ra5+ Ke4 47.b4 d3 48.b5 d2 49.Bb3 Rd7 50.Bd1  1-0

[Event "Open"]
[Site "Halkidiki GRE"]
[Date "2008.05.02"]
[Round "5"]
[White "Nikolaou,G"]
[Black "Ketzetzis,G"]
[Result "1-0"]
[WhiteElo "2271"]
[BlackElo "2068"]

1.Nf3 d5 2.g3 c6 3.b3 Nf6 4.Bb2 Bg4 5.Bg2 Nbd7 6.O-O e6 7.d3 Bd6 8.c4 O-O
9.Qc2 Qe7 10.Nbd2 a5 11.a3 Rfe8 12.e4 e5 13.Nh4 b5 14.Rfe1 Rac8 15.Nf5 Qf8
16.Nxd6 Qxd6 17.Rac1 Nc5 18.h3 Bd7 19.f4 d4 20.Nf3 Nh5 21.fxe5 Qg6 22.Bxd4 Ne6
23.Bf2 Nxg3 24.Qd2 Nh5 25.Nh4 Qg5 26.Qxg5 Nxg5 27.Nf5 Nf4 28.Be3 Bxf5 29.exf5 Nxd3
30.Bxg5 Nxc1 31.Bxc1 a4 32.bxa4 bxa4 33.Bf4 Re7 34.c5 g6 35.Bg5 Ree8 36.e6 gxf5
37.e7 Kg7 38.Bf4 Kf6 39.Bf3  1-0

[Event "IX EICC"]
[Site "Plovdiv BUL"]
[Date "2008.05.02"]
[Round "11"]
[White "Grunberg,M"]
[Black "Stavrianakis,I"]
[Result "1-0"]
[WhiteElo "2422"]
[BlackElo "2121"]

1.Nf3 d5 2.g3 c5 3.Bg2 Nc6 4.d4 Nf6 5.O-O Bf5 6.c4 dxc4 7.Qa4 Rc8 8.dxc5 e6
9.Qxc4 Qd5 10.Qa4 Bxc5 11.Nc3 Qd7 12.Rd1 Qc7 13.Qb5 Qb6 14.Qxb6 Bxb6 15.Nh4 Bc2
16.Rd2 Bg6 17.Nxg6 hxg6 18.Nb5 Ke7 19.Nd6 Rc7 20.b3 Bc5 21.Nxb7 Rxb7 22.Bxc6 Rc7
23.Bf3 Rhc8 24.Rd1 e5 25.Bb2 e4 26.Bg2 e3 27.f4 Bb4 28.Rd3 Bd2 29.a4 Rc2
30.Bd4 Ng4 31.Bxa7 Bc3 32.Rf1  1-0

[Event "IX EICC"]
[Site "Plovdiv BUL"]
[Date "2008.05.02"]
[Round "11"]
[White "Roiz,M"]
[Black "Laznicka,V"]
[Result "1/2-1/2"]
[WhiteElo "2659"]
[BlackElo "2578"]

1.Nf3 d5 2.g3 Nf6 3.Bg2 c6 4.O-O Bf5 5.d3 e6 6.Nh4 Bg6 7.Nxg6 hxg6 8.e4 dxe4
9.dxe4 Qxd1 10.Rxd1 Nbd7 11.h3 Bc5 12.Nd2 O-O-O 13.Nb3 Bb6 14.Kf1 Nc5 15.Rxd8+ Rxd8
16.Nxc5 Bxc5 17.Ke2 e5 18.Bg5 Kc7 19.Rf1 a5 20.h4 a4 21.c3 Re8 22.Rh1 Rh8
23.Bf3 Nh7 24.Bc1 Nf6 25.Re1 Rd8 26.Bg5 Ra8 27.Kf1 Nh7 28.Bc1 Nf6 29.Bd1 b5
30.Bc2 Ng4 31.Ke2 Kd7 32.f3 Nf6 33.Kf1 Ke6 34.Rd1 Bb6 35.Kg2 Bc5 36.Bb1 Ne8
37.Kf1 Ke7 38.Ke2 Nf6 39.Bg5 Ke8 40.Kf1 Nh7 41.Bc1 Nf6 42.Bc2 Ke7 43.Bg5 Ke8
44.Kg2 Nh7 45.Bc1 Nf6 46.Bg5 Nh7 47.Bd2 Nf6 48.Kf1 Nh5 49.Be1 Ke7 50.Kg2 Nf6
51.Bd2 Ke8 52.Bd3 Ke7 53.Bg5 Ke8 54.Be2 Nh7 55.Bc1 Nf6 56.Rd3 Ke7 57.Bd1 Ke8
58.Bd2 Ke7 59.Be1 Ne8 60.Bd2 Nf6 61.Bg5 Ke8 62.Be2 Nh7 63.Bc1 Nf6 64.Rd1 Ke7
65.Re1 Ra7 66.Bg5 Ke8 67.Rd1 Ra8  1/2-1/2

[Event "IX EICC w"]
[Site "Plovdiv BUL"]
[Date "2008.05.02"]
[Round "11"]
[White "Umudova,N"]
[Black "Ovod,E"]
[Result "1/2-1/2"]
[WhiteElo "2222"]
[BlackElo "2437"]

1.Nf3 d5 2.g3 c5 3.Bg2 Nc6 4.O-O e5 5.d3 Be7 6.e4 d4 7.a4 h5 8.c3 h4 9.cxd4 cxd4
10.b4 h3 11.Bh1 Bxb4 12.Na3 Nge7 13.Nc4 f6 14.Ne1 g5 15.Bf3 Be6 16.Nc2 Bc3
17.Rb1 Na5 18.Nxa5 Qxa5 19.Rxb7 Qa6 20.Rb1 Qxa4 21.Bh5+ Kd7 22.Qf3 Rxh5 23.Qxh5 Kc7
24.Qh7 Qd7 25.Ba3 Nc6 26.Qh6 Qf7 27.Nb4 a5 28.Nxc6 Kxc6 29.Rfc1 Ba2 30.Rb2 Be6
31.Rbb1 Ba2 32.Rb2 Be6 33.Rbb1  1/2-1/2

[Event "IX EICC"]
[Site "Plovdiv BUL"]
[Date "2008.05.02"]
[Round "11"]
[White "Lenic,L"]
[Black "Sulashvili,M"]
[Result "1-0"]
[WhiteElo "2584"]
[BlackElo "2491"]

1.Nf3 d5 2.g3 Nf6 3.Bg2 c6 4.O-O Bg4 5.d3 Nbd7 6.Nbd2 e6 7.Qe1 Bd6 8.e4 Qc7
9.h3 Bh5 10.Qe2 O-O 11.Re1 e5 12.Qf1 Bg6 13.Nh4 Rfe8 14.Nxg6 hxg6 15.Qe2 Rad8
16.Nf3 Nc5 17.Ng5 dxe4 18.dxe4 Nh7 19.Nxh7 Kxh7 20.h4 Ne6 21.c3 Kg8 22.Bf1 a5
23.a4 Bc5 24.Qf3 Qe7 25.Bc4 Rd7 26.Kg2 Qf6 27.Qe2 Bb6 28.Rf1 Bc7 29.Qg4 Bb6
30.Ra2 Qd8 31.b3 Rd6 32.h5 Qd7 33.Qf3 g5 34.Qf5 Bd8 35.Be3 b5 36.Be2 b4 37.cxb4 axb4
38.Rc1 Nd4 39.Qxd7 Rxd7 40.Bxd4 exd4 41.Bd3 Re6 42.Rac2 Kf8 43.Rxc6 Rxc6
44.Rxc6 Rc7 45.Rd6 Bf6 46.h6 Ke7 47.h7 Rc8 48.Rc6 Rh8 49.Rc7+ Ke6 50.f4 gxf4
51.gxf4 Be7 52.e5  1-0

[Event "IX EICC T/B Medals"]
[Site "Plovdiv BUL"]
[Date "2008.05.03"]
[Round "4.2"]
[White "Movsesian,S"]
[Black "Volkov,Sergey1"]
[Result "1-0"]
[WhiteElo "2695"]
[BlackElo "2633"]

1.Nf3 d5 2.g3 g6 3.Bg2 Bg7 4.O-O e5 5.d3 Ne7 6.e4 d4 7.Nh4 c5 8.f4 exf4 9.gxf4 Nbc6
10.c4 dxc3 11.bxc3 c4 12.dxc4 Qxd1 13.Rxd1 Bg4 14.Nf3 O-O 15.Ba3 Rfe8 16.h3 Be6
17.Nbd2 Bxc3 18.Rac1 Bg7 19.Ng5 Bd4+ 20.Kf1 Be3 21.Rb1 Bxf4 22.Nxe6 fxe6
23.Rxb7 Rad8 24.Bxe7 Rxe7 25.Rxe7 Nxe7 26.Ke2 Rd4 27.Nb3 Rxc4 28.Rd7 Nc6
29.e5 Rc2+ 30.Kf1 Nxe5 31.Rxa7 Be3 32.Ra8+ Kg7 33.Be4 Rf2+ 34.Ke1 h5 35.Re8 Kf7
36.Rb8 Rxa2 37.Rb5 Kf6 38.Rb8 Rh2 39.Kf1 Rxh3 40.Kg2 Rh4 41.Ba8 Rg4+ 42.Kf1 h4
43.Ke2 Ba7 44.Rf8+ Kg7 45.Re8 Kf6 46.Rf8+ Ke7 47.Rh8 Bb6 48.Nd2 Ra4 49.Ne4 h3
50.Rh7+ Ke8 51.Rxh3 Bd4 52.Rh8+ Kf7 53.Rh7+ Kg8 54.Nf6+ Kf8 55.Be4 Ra2+ 56.Kd1 Rf2
57.Nd7+ Kg8 58.Re7 Rf1+ 59.Kc2 Rf2+ 60.Kd1 Nc4 61.Rxe6 Rd2+ 62.Kc1 Bb2+ 63.Kb1 Rxd7
64.Rxg6+ Kf8 65.Rg1 Bf6 66.Kc2 Ne5 67.Rd1 Rc7+ 68.Kb3 Ke7 69.Bd5 Nd7 70.Bc4 Be5
71.Rd5 Kf6 72.Rd1 Rb7+ 73.Kc2 Rb2+ 74.Kd3 Nc5+ 75.Ke3 Rh2 76.Rf1+ Ke7 77.Bd5 Kd6
78.Bf3 Ne6 79.Rd1+ Ke7 80.Bg4 Nf4 81.Ke4 Ng6 82.Bf5 Rh4+ 83.Kd5  1-0

[Event "4NCL 2007-8"]
[Site "Wokefield Park ENG"]
[Date "2008.05.03"]
[Round "9"]
[White "Davies,Ni"]
[Black "Therrien,A"]
[Result "1-0"]
[WhiteElo "2480"]
[BlackElo "2240"]

1.Nf3 d5 2.g3 Nf6 3.Bg2 g6 4.c4 c6 5.Qa4 dxc4 6.Qxc4 Bg7 7.O-O O-O 8.d3 Na6
9.Nc3 Nc7 10.Qh4 Re8 11.Bh6 Bh8 12.Rfd1 Ncd5 13.Ne4 Ng4 14.Bc1 e5 15.Qxd8 Rxd8
16.h3 Ngf6 17.Bg5 Re8 18.Nd6 Re6 19.Nc4 Nd7 20.Rac1 f6 21.Bd2 N5b6 22.Na5 Nf8
23.e4 Rd6 24.d4 Ne6 25.Be3 Rb8 26.dxe5 Rxd1+ 27.Rxd1 fxe5 28.Bf1 c5 29.Nc4 Nd7
30.Nd6 Nb6 31.a4 Nd4 32.Bxd4 exd4 33.a5 Nd7 34.Ng5 Ne5 35.f4 Bf6 36.h4 Bxg5
37.hxg5 Nc6 38.Rc1 b6 39.axb6 axb6 40.Bc4+ Kf8 41.Kf2 Ke7 42.Nxc8+ Rxc8 43.Rh1 Rh8
44.Bb5 Kd6 45.Kf3 Na5 46.Bd3 Ke7 47.e5 Kf7 48.g4 c4 49.Be4 Nb3 50.Bd5+ Kg7
51.f5 Rd8 52.f6+ Kh8 53.e6  1-0

[Event "4NCL 2007-8"]
[Site "Wokefield Park ENG"]
[Date "2008.05.03"]
[Round "9"]
[White "McFarland,R"]
[Black "Richardson,Joh"]
[Result "0-1"]
[WhiteElo "2229"]
[BlackElo "2310"]

1.Nf3 d5 2.g3 Nf6 3.Bg2 c5 4.b3 Nc6 5.Bb2 Qc7 6.O-O e5 7.d3 Be7 8.c4 d4 9.e4 dxe3
10.fxe3 Bg4 11.Nc3 Rd8 12.e4 Qd7 13.Nd5 h5 14.h3 Bxh3 15.Nxe5 Nxe5 16.Bxe5 Nxd5
17.cxd5 f6 18.Bf4 g5 19.Bc1 h4 20.gxh4 Rxh4 21.Qf3 Bxg2 22.Kxg2 Qd6 23.Rh1 Rxh1
24.Kxh1 Kd7 25.Qh3+ Kc7 26.Qh2 Qxh2+ 27.Kxh2 Rh8+ 28.Kg2 Bd6 29.Be3 Rh2+
30.Kg1 b6 31.Bf2 g4 32.d4 g3 33.Be3 Re2 34.dxc5 bxc5 35.Bh6 Be5 36.Rc1 Bd4+
37.Kf1  0-1

[Event "Stuttgarter Stadtmeisterschaft A"]
[Site "Ditzingen GER"]
[Date "2008.05.04"]
[Round "7"]
[White "Gutman,L"]
[Black "Luther,T"]
[Result "0-1"]
[WhiteElo "2484"]
[BlackElo "2539"]

1.Nf3 d5 2.g3 Nf6 3.Bg2 e6 4.O-O Nbd7 5.b3 b6 6.Bb2 Bb7 7.c4 Be7 8.cxd5 exd5
9.Nd4 O-O 10.Qc1 Nc5 11.Nf5 Re8 12.d3 Bf8 13.Qg5 Kh8 14.Nh6 Qe7 15.Nd2 Ng8
16.Rfe1 Nxh6 17.Qxh6 Rad8 18.Nf3 Ne6 19.Nh4 d4 20.Qd2 Bxg2 21.Kxg2 c5 22.Nf3 Qb7
23.h3 Kg8 24.e4 dxe3 25.Rxe3 Nc7 26.Rae1 Rxe3 27.fxe3 Qa6 28.Rd1 Qxa2 29.Be5 Qxd2+
30.Rxd2 Nd5 31.Kf2 f6 32.Bb2 Nb4 33.Ke2 h5 34.Bc3 Nd5 35.Rc2 Nxc3+ 36.Rxc3 Bd6
37.Kf2 Kf7 38.Rc2 a5 39.Rd2 Bc7 40.Ng1 Be5 41.Ne2 g6 42.Kf3 b5 43.Ke4 Ke6
44.d4 cxd4 45.exd4 Bd6 46.d5+ Kd7 47.Nd4 Bxg3 48.Rg2 f5+ 49.Kf3 f4 50.Ne6 Ra8  0-1

[Event "Stuttgarter Stadtmeisterschaft A"]
[Site "Ditzingen GER"]
[Date "2008.05.04"]
[Round "7"]
[White "Schebler,G"]
[Black "Reinhart,E"]
[Result "1-0"]
[WhiteElo "2442"]
[BlackElo "2298"]

1.Nf3 d5 2.g3 Nf6 3.Bg2 c6 4.c4 Bf5 5.cxd5 cxd5 6.Qb3 Qb6 7.Nc3 e6 8.d3 Bc5
9.O-O Nc6 10.Bg5 O-O 11.Qxb6 axb6 12.Bxf6 gxf6 13.Rfc1 Bg4 14.Kf1 Rfc8 15.Nd2 Bf8
16.Ke1 f5 17.h3 Bh5 18.a3 Bg7 19.Rab1 Nd4 20.e3 Nc6 21.d4 Bg6 22.f4 f6 23.Nb5 Bf8
24.Bf1 Be8 25.Rc3 Bd7 26.Rbc1 Be7 27.Be2 h6 28.Kf2 Kg7 29.Bd3 Kh8 30.Nf3 Rg8
31.Rh1 Rac8 32.g4 fxg4 33.hxg4 Kg7 34.Rh5 Nd8 35.f5 Rxc3 36.Nxc3 Be8 37.Rh1 Bc6
38.fxe6 Nxe6 39.Nh4 Kf7 40.Nf5 Bf8 41.Be2 Rh8 42.b4 Nc7 43.Bf3 Ke6 44.Ne2 Bd6
45.Nf4+ Bxf4 46.exf4 Kd7 47.g5 fxg5 48.fxg5 Rf8 49.gxh6 Rxf5 50.h7 Rf8 51.h8=Q Rxh8
52.Rxh8 Kd6 53.Ke3 b5 54.Bg4 Ne8 55.Kf4 Nf6 56.Bf5 Ne8 57.Rh6+ Ke7 58.Ke5 Nc7
59.Be6 Kd8 60.Rh8+ Ke7 61.Rh7+ Kd8 62.Rg7 Ne8 63.Rf7 Nc7 64.Rh7 Ne8 65.Bf7 Nc7
66.Kd6 Bd7 67.Rh8+ Be8 68.Rg8 b6 69.Rh8  1-0

[Event "4NCL 2007-8"]
[Site "Wokefield Park ENG"]
[Date "2008.05.04"]
[Round "10"]
[White "De Coverly,R"]
[Black "Grigoryan Lyell,M"]
[Result "1-0"]
[WhiteElo "2092"]
[BlackElo "2036"]

1.Nf3 d5 2.g3 Nf6 3.Bg2 Bf5 4.O-O Nc6 5.d4 Qd7 6.Ne5 Nxe5 7.dxe5 Ne4 8.c4 d4
9.Nd2 Nc5 10.Nf3 Rd8 11.b4 Na4 12.Bd2 Be6 13.Rc1 g6 14.Ng5 Bh6 15.Nxe6 Bxd2
16.Nxd8 Bxc1 17.Qxc1 Nc3 18.Qd2 Qxd8 19.Bxb7 O-O 20.Bf3 Qd7 21.e3 Rd8 22.Kg2 Na4
23.exd4 Qxd4 24.Qxd4 Rxd4 25.Rc1 Rd2 26.Rd1 Rxa2 27.Rd7 e6 28.Rxc7 Nb2 29.Be2 a6
30.c5 Na4 31.Bf3 Rb2 32.Rb7 Nc3 33.c6 Nb5 34.c7 Nxc7 35.Rxc7 Rxb4 36.Bc6 Rc4
37.Rc8+ Kg7 38.Bb7 Ra4 39.Ra8 a5  1-0

[Event "4NCL 2007-8"]
[Site "Sunningdale ENG"]
[Date "2008.05.05"]
[Round "11"]
[White "De Coverly,R"]
[Black "Broomfield,L"]
[Result "1-0"]
[WhiteElo "2082"]
[BlackElo "1967"]

1.Nf3 d5 2.g3 Nf6 3.Bg2 Nc6 4.d4 g6 5.c4 e6 6.O-O Bg7 7.Nc3 O-O 8.Ne5 Nxe5
9.dxe5 Nd7 10.cxd5 exd5 11.Qxd5 c6 12.Qb3 Nxe5 13.Bf4 Qe7 14.Rac1 Be6 15.Qc2 Rad8
16.Rfd1 Bf5 17.Be4 Bh3 18.Rxd8 Rxd8 19.Rd1 Rxd1+ 20.Nxd1 Qb4 21.Bd2 Qb6 22.a3 Nc4
23.Bf4 Qd4 24.Bc1 Nd6 25.Bg2 Bxg2 26.Kxg2 c5 27.f3 Nc4 28.b3 Na5 29.Be3 Qd5
30.b4 Nc4 31.Bxc5 Nxa3 32.Qa4 Qd8 33.Qxa3 Qxd1 34.Qe3 Qd7 35.Bxa7 Bf8 36.Bc5 Bxc5
37.bxc5 Qc6 38.h4 Qd7 39.Qe5 h5 40.Qd6 Qxd6 41.cxd6 Kf8 42.e4 Ke8 43.e5 Kd7
44.Kf2  1-0

[Event "II Magistral de Colonia"]
[Site "Colonia del Sacramento URU"]
[Date "2008.05.06"]
[Round "5"]
[White "Valiente,C"]
[Black "Soppe,G"]
[Result "1/2-1/2"]
[WhiteElo "2267"]
[BlackElo "2417"]

1.Nf3 d5 2.g3 c6 3.Bg2 Bg4 4.d3 Nd7 5.Nbd2 e6 6.h3 Bh5 7.O-O Bd6 8.e4 Ne7
9.b3 O-O 10.Bb2 c5 11.Qe2 Nc6 12.a3 Rc8 13.c3 b5 14.b4 a6 15.Rfe1 Nb6 16.d4 cxd4
17.cxd4  1/2-1/2

[Event "FSGM May"]
[Site "Budapest HUN"]
[Date "2008.05.08"]
[Round "6"]
[White "Boros,De"]
[Black "Prohaszka,P2"]
[Result "1-0"]
[WhiteElo "2457"]
[BlackElo "2506"]

1.Nf3 d5 2.g3 c6 3.Bg2 Nf6 4.O-O Bg4 5.c4 Nbd7 6.cxd5 cxd5 7.Qb3 Qb6 8.Qxb6 Nxb6
9.Nc3 Bxf3 10.Bxf3 a6 11.d3 e6 12.Bf4 Be7 13.e4 dxe4 14.dxe4 Nfd7 15.e5 Rb8
16.Ne4 Nc4 17.Nd6+ Bxd6 18.exd6 e5 19.Rac1 Nxd6 20.Rfd1 Nf5 21.Rc7 exf4 22.Rdxd7 O-O
23.Bxb7 fxg3 24.hxg3 Nh6 25.b3 a5 26.Rc5 Ng4 27.Bf3 Nf6 28.Rd4 Rfc8 29.Rxa5 Rc3
30.Kg2 g6 31.Ra8 Rxa8 32.Bxa8 Kg7 33.Bf3 h5 34.b4 Ra3 35.Rd2 g5 36.b5 g4
37.Bc6 h4 38.b6 hxg3 39.b7  1-0

[Event "II Magistral de Colonia"]
[Site "Colonia del Sacramento URU"]
[Date "2008.05.08"]
[Round "7"]
[White "Rodriguez,Sa"]
[Black "Soppe,G"]
[Result "0-1"]
[WhiteElo "2204"]
[BlackElo "2417"]

1.Nf3 d5 2.g3 c6 3.Bg2 Bg4 4.Ne5 Bf5 5.c4 e6 6.cxd5 exd5 7.O-O Nd7 8.Nxd7 Qxd7
9.Qb3 Nf6 10.d3 Be7 11.Nc3 d4 12.Ne4 Nxe4 13.dxe4 Be6 14.Qd1 O-O 15.e3 d3
16.f4 f6 17.Bd2 b5 18.Bf3 Rac8 19.g4 c5 20.Rf2 Kh8 21.Rg2 b4 22.h4 c4 23.Qe1 a5
24.g5 Bc5 25.Rc1 Qa7 26.Kh1 a4 27.f5 Bg8 28.a3 c3 29.bxc3 b3 30.Qg3 Qc7 31.Qg4 Be7
32.Rcg1 b2 33.c4 Rb8 34.Bb4 Bxb4 35.axb4 a3 36.c5 Qe5 37.Qf4 Qxf4 38.exf4 Ba2  0-1

[Event "43rd Capablanca Memorial Open"]
[Site "Havana CUB"]
[Date "2008.05.08"]
[Round "1"]
[White "Valdes,Le"]
[Black "Marrero Lopez,Yan"]
[Result "1/2-1/2"]
[WhiteElo "2409"]
[BlackElo "2232"]

1.Nf3 d5 2.g3 Nf6 3.Bg2 e6 4.O-O Be7 5.d3 O-O 6.Nbd2 c5 7.e4 Nc6 8.e5 Nd7
9.Re1 Qc7 10.Qe2 b6 11.Nf1 Bb7 12.Bf4 Rac8 13.c3 b5 14.h4 d4 15.h5 h6 16.N1d2 dxc3
17.bxc3 Rfd8 18.Rac1 Nb6 19.g4 Qd7 20.Bf1 Nd5 21.Bg3 b4 22.Ne4 Nxc3 23.Nxc3 bxc3
24.Rxc3 Qd5 25.Bg2 Nd4 26.Qe4 Qxe4 27.dxe4 c4 28.Nxd4 Rxd4 29.Rc2 c3 30.Re3 Bb4
31.a3 Ba5 32.Bf4 Rd1+ 33.Kh2 Ba6 34.Bf3 Rd2 35.Rxd2 cxd2 36.Rb3 Rc1 37.Rb8+ Kh7
38.Ra8 Rc7 39.Be3 Bc4 40.Bxa7 Bb3 41.Be3 d1=Q 42.Bxd1 Bxd1 43.Rxa5 Bxg4 44.Ra7  1/2-1/2